Top 10 Boston Bruins - Statistics

General Stats
  • This quiz has been taken 237 times
  • The average score is 5 of 10
Answer Stats
Years Active Position Rank Answer % Correct
1966-76 D 1 Bobby Orr
98%
2006- D 10 Zdeno Chára
87%
1979-2000 D 3 Ray Bourque
80%
1967-75 C 4 Phil Esposito
74%
1957-78 LW 7 John Bucyk
58%
1926-40 D 2 Eddie Shore
42%
1936-55 C 5 Milt Schmidt
35%
1927-47 RW/D 6 Dit Clapper
22%
1938-49 G 9 Frank Brimsek
15%
1935-47 C 8 Bill Cowley
4%
No matching quizzes found
Score Distribution
Percent of People with Each Score
Percentile by Number Answered
Your Score History
You have not taken this quiz